[Event "World Cup 2023 Open"]
[Site "Baku, Azerbaijan"]
[Date "2023.08.02"]
[Round "11.22"]
[White "Shankland Sam (USA)"]
[Black "Schitco Ivan (MDA)"]
[Result "0-1"]
[WhiteFideId "2004887"]
[BlackFideId "13905465"]
[WhiteElo "2711"]
[BlackElo "2507"]

1. d4 {[%clk 01:30:49]} {[%emt 00:00:10]} Nf6 {[%clk 01:30:50]} {[%emt
00:00:10]} 2. Nf3 {[%clk 01:31:12]} {[%emt 00:00:06]} e6 {[%clk 01:29:39]}
{[%emt 00:01:41]} 3. Bf4 {[%clk 01:31:31]} {[%emt 00:00:11]} b6 {[%clk
01:26:07]} {[%emt 00:04:02]} 4. e3 {[%clk 01:29:55]} {[%emt 00:02:06]} Bb7
{[%clk 01:26:21]} {[%emt 00:00:17]} 5. Bd3 {[%emt 00:02:00]} Be7 {[%clk
01:24:03]} {[%emt 00:01:19]} 6. h3 {[%clk 01:29:32]} {[%emt 00:00:51]} c5
{[%clk 01:23:02]} {[%emt 00:01:31]} 7. O-O {[%clk 01:27:58]} {[%emt 00:02:04]}
O-O {[%clk 01:22:07]} {[%emt 00:01:26]} 8. c3 {[%clk 01:27:36]} {[%emt
00:00:52]} d6 {[%clk 01:19:02]} {[%emt 00:03:35]} 9. Re1 {[%clk 01:26:34]}
{[%emt 00:01:32]} Nc6 {[%clk 01:08:12]} {[%emt 00:11:20]} 10. Qe2 {[%clk
01:17:51]} {[%emt 00:09:13]} Re8 {[%clk 01:02:24]} {[%emt 00:06:18]} 11. Nbd2
{[%clk 01:14:22]} {[%emt 00:03:59]} Bf8 {[%clk 00:59:13]} {[%emt 00:03:40]} 12.
Rad1 {[%clk 01:09:53]} {[%emt 00:04:59]} cxd4 {[%clk 00:51:31]} {[%emt
00:08:13]} 13. exd4 {[%clk 01:09:21]} {[%emt 00:01:02]} Ne7 {[%clk 00:41:18]}
{[%emt 00:10:42]} 14. Bh2 {[%clk 00:57:36]} {[%emt 00:12:16]} Ng6 {[%clk
00:38:06]} {[%emt 00:03:42]} 15. Ne4 {[%clk 00:51:46]} {[%emt 00:06:20]} Bxe4
{[%clk 00:34:17]} {[%emt 00:04:19]} 16. Bxe4 {[%clk 00:52:11]} {[%emt
00:00:04]} Nxe4 {[%clk 00:34:30]} {[%emt 00:00:17]} 17. Qxe4 {[%clk 00:52:39]}
{[%emt 00:00:02]} d5 {[%clk 00:32:38]} {[%emt 00:02:22]} 18. Qg4 {[%clk
00:44:12]} {[%emt 00:08:58]} Bd6 {[%clk 00:29:38]} {[%emt 00:03:29]} 19. h4
{[%clk 00:39:56]} {[%emt 00:04:46]} Bxh2+ {[%clk 00:29:32]} {[%emt 00:00:37]}
20. Kxh2 {[%clk 00:40:20]} {[%emt 00:00:06]} Qf6 {[%clk 00:27:33]} {[%emt
00:02:29]} 21. h5 {[%clk 00:34:50]} {[%emt 00:06:01]} Qf4+ {[%clk 00:17:55]}
{[%emt 00:10:08]} 22. Qxf4 {[%clk 00:35:00]} {[%emt 00:00:20]} Nxf4 {[%clk
00:18:23]} {[%emt 00:00:03]} 23. g4 {[%clk 00:35:23]} {[%emt 00:00:07]} h6
{[%clk 00:17:18]} {[%emt 00:01:35]} 24. Kg3 {[%clk 00:32:25]} {[%emt 00:03:27]}
g5 {[%clk 00:17:37]} {[%emt 00:00:11]} 25. hxg6 {[%clk 00:32:50]} {[%emt
00:00:05]} Nxg6 {[%clk 00:18:03]} {[%emt 00:00:03]} 26. Rh1 {[%clk 00:31:18]}
{[%emt 00:02:02]} Kg7 {[%clk 00:17:54]} {[%emt 00:00:39]} 27. Rh5 {[%clk
00:31:10]} {[%emt 00:00:38]} Rh8 {[%clk 00:17:23]} {[%emt 00:01:01]} 28. Rdh1
{[%clk 00:30:21]} {[%emt 00:01:19]} Rag8 {[%clk 00:14:29]} {[%emt 00:03:24]} 29.
Ne1 {[%clk 00:29:03]} {[%emt 00:01:48]} Nf8 {[%clk 00:12:38]} {[%emt 00:02:21]}
30. Nd3 {[%clk 00:28:16]} {[%emt 00:01:18]} Nd7 {[%clk 00:12:45]} {[%emt
00:00:23]} 31. f3 {[%clk 00:28:08]} {[%emt 00:00:38]} Rc8 {[%clk 00:11:18]}
{[%emt 00:01:57]} 32. R5h2 {[%clk 00:20:32]} {[%emt 00:08:07]} a6 {[%clk
00:07:38]} {[%emt 00:04:09]} 33. Kf4 {[%clk 00:14:22]} {[%emt 00:06:40]} a5
{[%clk 00:06:58]} {[%emt 00:01:11]} 34. Ke3 {[%clk 00:13:14]} {[%emt 00:01:37]}
b5 {[%clk 00:05:58]} {[%emt 00:01:30]} 35. Kd2 {[%clk 00:12:54]} {[%emt
00:00:51]} Rb8 {[%clk 00:03:47]} {[%emt 00:02:41]} 36. b3 {[%clk 00:08:39]}
{[%emt 00:04:45]} Rbc8 {[%clk 00:02:38]} {[%emt 00:01:39]} 37. Nf4 {[%clk
00:07:39]} {[%emt 00:01:29]} Nf6 {[%clk 00:02:07]} {[%emt 00:01:01]} 38. Kd3
{[%clk 00:06:39]} {[%emt 00:01:31]} Rb8 {[%clk 00:01:58]} {[%emt 00:00:38]} 39.
Kc2 {[%clk 00:05:44]} {[%emt 00:01:26]} Rbc8 {[%clk 00:01:39]} {[%emt
00:00:48]} 40. Kb2 {[%clk 00:05:54]} {[%emt 00:00:20]} Rb8 {[%clk 00:01:05]}
{[%emt 00:01:03]} 41. Nd3 {[%clk 00:03:59]} {[%emt 00:02:26]} Nd7 {[%clk
00:01:05]} {[%emt 00:00:30]} 42. Rh4 {[%clk 00:02:59]} {[%emt 00:01:30]} Rbc8
{[%clk 00:22:22]} {[%emt 00:09:13]} 43. R4h2 {[%clk 00:28:01]} {[%emt
00:05:27]} Rce8 {[%clk 00:22:10]} {[%emt 00:00:41]} 44. Rh5 {[%clk 00:21:06]}
{[%emt 00:07:26]} Nf6 {[%clk 00:21:04]} {[%emt 00:01:36]} 45. R5h4 {[%clk
00:21:30]} {[%emt 00:00:06]} Nd7 {[%clk 00:20:43]} {[%emt 00:00:52]} 46. f4
{[%clk 00:19:23]} {[%emt 00:02:37]} Reg8 {[%clk 00:09:13]} {[%emt 00:11:59]} 47.
a3 {[%clk 00:12:22]} {[%emt 00:07:32]} Rc8 {[%clk 00:07:55]} {[%emt 00:01:47]}
48. Ne5 {[%clk 00:11:35]} {[%emt 00:01:18]} Nxe5 {[%clk 00:08:03]} {[%emt
00:00:22]} 49. dxe5 {[%clk 00:11:34]} {[%emt 00:00:31]} a4 {[%clk 00:05:15]}
{[%emt 00:03:19]} 50. Rh5 {[%clk 00:11:15]} {[%emt 00:00:49]} Rcg8 {[%clk
00:03:18]} {[%emt 00:02:27]} 51. R1h4 {[%clk 00:09:19]} {[%emt 00:02:26]} Kf8
{[%clk 00:02:58]} {[%emt 00:00:50]} 52. bxa4 {[%clk 00:07:04]} {[%emt
00:02:45]} bxa4 {[%clk 00:03:27]} {[%emt 00:00:01]} 53. c4 {[%clk 00:07:11]}
{[%emt 00:00:23]} dxc4 {[%clk 00:01:14]} {[%emt 00:02:42]} 54. Kc3 {[%clk
00:07:08]} {[%emt 00:00:33]} Ke7 {[%clk 00:00:41]} {[%emt 00:01:04]} 55. g5
{[%clk 00:07:01]} {[%emt 00:00:36]} Rb8 {[%clk 00:01:06]} {[%emt 00:00:05]} 56.
gxh6 {[%clk 00:06:59]} {[%emt 00:00:33]} Rb3+ {[%clk 00:01:31]} {[%emt
00:00:04]} 57. Kxc4 {[%clk 00:06:52]} {[%emt 00:00:38]} Rc8+ {[%clk 00:01:52]}
{[%emt 00:00:09]} 58. Kd4 {[%clk 00:07:20]} {[%emt 00:00:01]} Rbc3 {[%clk
00:02:11]} {[%emt 00:00:12]} 0-1

[Event "World Cup 2023 Open"]
[Site "Baku, Azerbaijan"]
[Date "2023.08.02"]
[Round "11.23"]
[White "Azarov Sergei (FID)"]
[Black "Erigaisi Arjun (IND)"]
[Result "1/2-1/2"]
[WhiteFideId "13501470"]
[BlackFideId "35009192"]
[WhiteElo "2589"]
[BlackElo "2710"]

1. c4 {[%clk 01:30:56]} {[%emt 00:00:04]} e5 {[%clk 01:27:28]} {[%emt
00:03:32]} 2. Nc3 {[%clk 01:31:04]} {[%emt 00:00:21]} d6 {[%clk 01:27:38]}
{[%emt 00:00:20]} 3. g3 {[%clk 01:24:39]} {[%emt 00:06:56]} f5 {[%clk
01:27:22]} {[%emt 00:00:46]} 4. Bg2 {[%clk 01:24:40]} {[%emt 00:00:29]} Nf6
{[%clk 01:27:43]} {[%emt 00:00:09]} 5. d4 {[%clk 01:20:07]} {[%emt 00:05:03]}
Be7 {[%clk 01:27:34]} {[%emt 00:00:38]} 6. e3 {[%clk 01:16:38]} {[%emt
00:04:00]} O-O {[%clk 01:21:48]} {[%emt 00:06:15]} 7. Nge2 {[%clk 01:16:36]}
{[%emt 00:00:32]} c6 {[%clk 01:20:05]} {[%emt 00:02:14]} 8. O-O {[%clk
01:10:57]} {[%emt 00:06:08]} Na6 {[%clk 01:18:47]} {[%emt 00:01:48]} 9. b3
{[%clk 01:08:53]} {[%emt 00:02:35]} Qe8 {[%clk 01:10:13]} {[%emt 00:09:03]} 10.
Ba3 {[%clk 01:03:49]} {[%emt 00:05:34]} e4 {[%clk 01:09:44]} {[%emt 00:00:59]}
11. d5 {[%clk 01:01:54]} {[%emt 00:02:26]} Nc5 {[%clk 00:59:12]} {[%emt
00:11:02]} 12. Nd4 {[%clk 00:49:21]} {[%emt 00:13:02]} Ng4 {[%clk 00:48:07]}
{[%emt 00:11:35]} 13. Qe2 {[%clk 00:41:18]} {[%emt 00:08:34]} Bf6 {[%clk
00:39:09]} {[%emt 00:09:27]} 14. Rad1 {[%clk 00:39:26]} {[%emt 00:02:22]} a5
{[%clk 00:39:18]} {[%emt 00:00:22]} 15. dxc6 {[%clk 00:36:16]} {[%emt
00:03:41]} bxc6 {[%clk 00:39:42]} {[%emt 00:00:06]} 16. Na4 {[%clk 00:36:18]}
{[%emt 00:00:28]} Nxa4 {[%clk 00:37:43]} {[%emt 00:02:29]} 17. bxa4 {[%clk
00:35:39]} {[%emt 00:01:09]} Be7 {[%clk 00:37:57]} {[%emt 00:00:16]} 18. f3
{[%clk 00:15:48]} {[%emt 00:20:21]} Ne5 {[%clk 00:38:19]} {[%emt 00:00:07]} 19.
fxe4 {[%clk 00:13:06]} {[%emt 00:03:12]} fxe4 {[%clk 00:38:40]} {[%emt
00:00:09]} 20. Qc2 {[%clk 00:12:58]} {[%emt 00:00:38]} Bg4 {[%clk 00:35:15]}
{[%emt 00:03:54]} 21. Rxf8+ {[%clk 00:09:48]} {[%emt 00:03:40]} Bxf8 {[%clk
00:35:38]} {[%emt 00:00:06]} 22. Rf1 {[%clk 00:10:02]} {[%emt 00:00:16]} Nf3+
{[%clk 00:35:25]} {[%emt 00:00:44]} 23. Nxf3 {[%clk 00:08:16]} {[%emt
00:02:16]} exf3 {[%clk 00:35:49]} {[%emt 00:00:06]} 24. Bxf3 {[%clk 00:08:39]}
{[%emt 00:00:07]} Qxe3+ {[%clk 00:36:13]} {[%emt 00:00:05]} 25. Qf2 {[%clk
00:05:12]} {[%emt 00:03:58]} Qxf3 {[%clk 00:36:24]} {[%emt 00:00:19]} 26. Qxf3
{[%clk 00:05:37]} {[%emt 00:00:05]} Bxf3 {[%clk 00:36:50]} {[%emt 00:00:05]} 27.
Rxf3 {[%clk 00:06:04]} {[%emt 00:00:03]} Re8 {[%clk 00:35:24]} {[%emt
00:01:56]} 28. Kf2 {[%clk 00:05:12]} {[%emt 00:01:23]} Re4 {[%clk 00:33:55]}
{[%emt 00:02:00]} 29. Rc3 {[%clk 00:03:59]} {[%emt 00:01:43]} g5 {[%clk
00:29:08]} {[%emt 00:05:16]} 30. Kf3 {[%clk 00:03:19]} {[%emt 00:01:10]} Rd4
{[%clk 00:28:50]} {[%emt 00:00:48]} 31. Bc1 {[%clk 00:02:45]} {[%emt 00:01:04]}
g4+ {[%clk 00:28:38]} {[%emt 00:00:41]} 32. Ke2 {[%clk 00:03:10]} {[%emt
00:00:05]} Bg7 {[%clk 00:25:24]} {[%emt 00:03:45]} 33. Rc2 {[%clk 00:03:06]}
{[%emt 00:00:34]} Re4+ {[%clk 00:25:38]} {[%emt 00:00:15]} 34. Kd3 {[%clk
00:03:12]} {[%emt 00:00:24]} Rd4+ {[%clk 00:25:59]} {[%emt 00:00:09]} 35. Ke2
{[%clk 00:03:37]} {[%emt 00:00:06]} Re4+ {[%clk 00:25:30]} {[%emt 00:00:59]} 36.
Kd3 {[%clk 00:04:02]} {[%emt 00:00:05]} Rd4+ {[%clk 00:25:56]} {[%emt
00:00:04]} 1/2-1/2

[Event "World Cup 2023 Open"]
[Site "Baku, Azerbaijan"]
[Date "2023.08.02"]
[Round "11.24"]
[White "Wang Hao (CHN)"]
[Black "Jumabayev Rinat (KAZ)"]
[Result "1/2-1/2"]
[WhiteFideId "8602883"]
[BlackFideId "13702661"]
[WhiteElo "2709"]
[BlackElo "2589"]

1. e4 {[%clk 01:30:56]} {[%emt 00:00:03]} e5 {[%clk 01:30:53]} {[%emt
00:00:07]} 2. Nf3 {[%clk 01:30:58]} {[%emt 00:00:28]} Nc6 {[%clk 01:31:20]}
{[%emt 00:00:04]} 3. Bc4 {[%clk 01:30:48]} {[%emt 00:00:41]} Nf6 {[%clk
01:28:53]} {[%emt 00:02:56]} 4. d3 {[%clk 01:29:17]} {[%emt 00:02:01]} Bc5
{[%clk 01:29:03]} {[%emt 00:00:21]} 5. O-O {[%clk 01:26:12]} {[%emt 00:03:34]}
d6 {[%clk 01:27:39]} {[%emt 00:01:54]} 6. c3 {[%clk 01:26:27]} {[%emt
00:00:15]} a5 {[%clk 01:27:54]} {[%emt 00:00:15]} 7. Nbd2 {[%clk 01:24:11]}
{[%emt 00:02:46]} O-O {[%clk 01:27:51]} {[%emt 00:00:32]} 8. h3 {[%clk
01:20:44]} {[%emt 00:03:57]} h6 {[%clk 01:27:13]} {[%emt 00:01:08]} 9. Re1
{[%clk 01:21:09]} {[%emt 00:00:05]} Be6 {[%clk 01:27:19]} {[%emt 00:00:24]} 10.
Bxe6 {[%clk 01:10:06]} {[%emt 00:11:33]} fxe6 {[%clk 01:27:38]} {[%emt
00:00:11]} 11. Nf1 {[%clk 01:10:33]} {[%emt 00:00:03]} d5 {[%clk 01:07:25]}
{[%emt 00:20:43]} 12. Ng3 {[%clk 00:56:50]} {[%emt 00:14:13]} d4 {[%clk
00:56:24]} {[%emt 00:11:31]} 13. Ne2 {[%clk 00:30:42]} {[%emt 00:26:37]} Nh5
{[%clk 00:44:05]} {[%emt 00:12:49]} 14. cxd4 {[%clk 00:30:48]} {[%emt
00:00:24]} Bb6 {[%clk 00:36:42]} {[%emt 00:07:54]} 15. Nh2 {[%clk 00:12:03]}
{[%emt 00:19:15]} Qh4 {[%clk 00:31:11]} {[%emt 00:06:01]} 16. Rf1 {[%clk
00:12:15]} {[%emt 00:00:18]} Rf6 {[%clk 00:18:26]} {[%emt 00:13:15]} 17. Ng4
{[%clk 00:07:24]} {[%emt 00:05:21]} Rg6 {[%clk 00:18:42]} {[%emt 00:00:14]} 18.
Kh2 {[%clk 00:05:37]} {[%emt 00:02:17]} exd4 {[%clk 00:14:09]} {[%emt
00:05:04]} 19. g3 {[%clk 00:04:31]} {[%emt 00:01:35]} Qd8 {[%clk 00:13:54]}
{[%emt 00:00:45]} 20. e5 {[%clk 00:04:10]} {[%emt 00:00:52]} Qd5 {[%clk
00:14:07]} {[%emt 00:00:17]} 21. f4 {[%clk 00:03:40]} {[%emt 00:01:00]} Rf8
{[%clk 00:11:35]} {[%emt 00:03:02]} 22. Bd2 {[%clk 00:02:19]} {[%emt 00:01:52]}
Ne7 {[%clk 00:11:47]} {[%emt 00:00:18]} 23. Nf2 {[%clk 00:02:34]} {[%emt
00:00:15]} Qf3 {[%clk 00:10:31]} {[%emt 00:01:46]} 24. g4 {[%clk 00:01:32]}
{[%emt 00:01:32]} Nxf4 {[%clk 00:04:39]} {[%emt 00:06:22]} 25. Bxf4 {[%clk
00:01:42]} {[%emt 00:00:19]} Rxf4 {[%clk 00:05:07]} {[%emt 00:00:02]} 26. Nxf4
{[%clk 00:00:44]} {[%emt 00:01:28]} Qxf4+ {[%clk 00:05:36]} {[%emt 00:00:01]}
27. Kh1 {[%clk 00:01:09]} {[%emt 00:00:05]} Qg3 {[%clk 00:04:39]} {[%emt
00:01:28]} 28. Qe2 {[%clk 00:01:14]} {[%emt 00:00:25]} Rg5 {[%clk 00:04:40]}
{[%emt 00:00:30]} 29. Rae1 {[%clk 00:00:45]} {[%emt 00:00:58]} Nd5 {[%clk
00:02:09]} {[%emt 00:03:01]} 30. Rg1 {[%clk 00:00:53]} {[%emt 00:00:22]} Qe3
{[%clk 00:02:02]} {[%emt 00:00:37]} 31. Qf1 {[%clk 00:00:33]} {[%emt 00:00:51]}
Qf3+ {[%clk 00:02:08]} {[%emt 00:00:25]} 32. Qg2 {[%clk 00:00:59]} {[%emt
00:00:04]} Qxg2+ {[%clk 00:02:31]} {[%emt 00:00:07]} 33. Kxg2 {[%clk 00:01:12]}
{[%emt 00:00:16]} Ne3+ {[%clk 00:02:57]} {[%emt 00:00:05]} 34. Kf3 {[%clk
00:01:16]} {[%emt 00:00:26]} Rxe5 {[%clk 00:03:20]} {[%emt 00:00:08]} 35. a4
{[%clk 00:01:08]} {[%emt 00:00:37]} Bc5 {[%clk 00:00:53]} {[%emt 00:02:57]} 36.
Ne4 {[%clk 00:00:46]} {[%emt 00:00:52]} Be7 {[%clk 00:00:58]} {[%emt 00:00:25]}
37. Nd2 {[%clk 00:00:37]} {[%emt 00:00:38]} Bb4 {[%clk 00:00:39]} {[%emt
00:00:50]} 38. Re2 {[%clk 00:01:02]} {[%emt 00:00:05]} Bxd2 {[%clk 00:00:54]}
{[%emt 00:00:14]} 39. Rxd2 {[%clk 00:01:27]} {[%emt 00:00:05]} Kf7 {[%clk
00:01:13]} {[%emt 00:00:12]} 40. h4 {[%clk 00:00:51]} {[%emt 00:01:06]} Ke7
{[%clk 00:00:54]} {[%emt 00:00:49]} 41. Rf2 {[%clk 00:27:12]} {[%emt 00:04:07]}
b6 {[%clk 00:20:49]} {[%emt 00:10:37]} 42. Kg3 {[%clk 00:25:39]} {[%emt
00:02:02]} c5 {[%clk 00:07:45]} {[%emt 00:13:34]} 43. b3 {[%clk 00:24:35]}
{[%emt 00:01:34]} 1/2-1/2

[Event "World Cup 2023 Open"]
[Site "Baku, Azerbaijan"]
[Date "2023.08.02"]
[Round "11.25"]
[White "Ivic Velimir (SRB)"]
[Black "Vallejo Pons Francisco (ESP)"]
[Result "0-1"]
[WhiteFideId "950122"]
[BlackFideId "2205530"]
[WhiteElo "2590"]
[BlackElo "2706"]

1. e4 {[%clk 01:30:54]} {[%emt 00:00:04]} c6 {[%clk 01:30:47]} {[%emt
00:00:14]} 2. d4 {[%clk 01:31:01]} {[%emt 00:00:24]} d5 {[%clk 01:31:10]}
{[%emt 00:00:07]} 3. e5 {[%clk 01:30:43]} {[%emt 00:00:48]} Bf5 {[%clk
01:31:11]} {[%emt 00:00:29]} 4. h4 {[%clk 01:30:25]} {[%emt 00:00:47]} h5
{[%clk 01:30:54]} {[%emt 00:00:47]} 5. Bd3 {[%clk 01:29:14]} {[%emt 00:01:41]}
Bxd3 {[%clk 01:30:39]} {[%emt 00:00:46]} 6. Qxd3 {[%clk 01:29:38]} {[%emt
00:00:06]} Qa5+ {[%clk 01:30:35]} {[%emt 00:00:34]} 7. Nd2 {[%clk 01:28:15]}
{[%emt 00:01:53]} e6 {[%clk 01:29:56]} {[%emt 00:01:09]} 8. Ngf3 {[%clk
01:27:31]} {[%emt 00:01:14]} Ne7 {[%clk 01:29:00]} {[%emt 00:01:26]} 9. O-O
{[%clk 01:27:24]} {[%emt 00:00:36]} Nf5 {[%clk 01:29:07]} {[%emt 00:00:23]} 10.
Nb3 {[%clk 01:27:10]} {[%emt 00:00:44]} Qb5 {[%clk 01:26:51]} {[%emt 00:02:46]}
11. Qd1 {[%clk 01:26:34]} {[%emt 00:01:05]} c5 {[%clk 01:26:39]} {[%emt
00:00:43]} 12. a4 {[%clk 01:22:12]} {[%emt 00:04:52]} Qb6 {[%clk 01:25:29]}
{[%emt 00:01:40]} 13. dxc5 {[%clk 01:21:04]} {[%emt 00:01:38]} Bxc5 {[%clk
01:25:36]} {[%emt 00:00:23]} 14. Nxc5 {[%clk 01:19:56]} {[%emt 00:01:38]} Qxc5
{[%clk 01:25:36]} {[%emt 00:00:30]} 15. Bg5 {[%clk 01:15:43]} {[%emt 00:04:42]}
Nc6 {[%clk 01:24:16]} {[%emt 00:01:50]} 16. c3 {[%clk 01:13:38]} {[%emt
00:02:35]} Qb6 {[%clk 01:16:16]} {[%emt 00:08:30]} 17. b3 {[%clk 01:02:45]}
{[%emt 00:11:23]} Rc8 {[%clk 01:15:22]} {[%emt 00:01:24]} 18. Rc1 {[%clk
00:58:10]} {[%emt 00:05:04]} Nce7 {[%clk 00:51:00]} {[%emt 00:24:51]} 19. Re1
{[%clk 00:55:42]} {[%emt 00:02:57]} Rc6 {[%clk 00:41:37]} {[%emt 00:09:54]} 20.
c4 {[%clk 00:48:01]} {[%emt 00:08:11]} dxc4 {[%clk 00:39:04]} {[%emt 00:03:03]}
21. bxc4 {[%clk 00:48:09]} {[%emt 00:00:23]} O-O {[%clk 00:35:24]} {[%emt
00:04:09]} 22. Nd2 {[%clk 00:40:27]} {[%emt 00:08:12]} Ng6 {[%clk 00:13:49]}
{[%emt 00:22:06]} 23. Qxh5 {[%clk 00:36:49]} {[%emt 00:04:08]} Qc7 {[%clk
00:12:38]} {[%emt 00:01:41]} 24. Qe2 {[%clk 00:20:43]} {[%emt 00:16:35]} Nfxh4
{[%clk 00:11:25]} {[%emt 00:01:43]} 25. Qh5 {[%clk 00:17:47]} {[%emt 00:03:27]}
Qa5 {[%clk 00:07:17]} {[%emt 00:04:38]} 26. Ne4 {[%clk 00:06:14]} {[%emt
00:12:03]} Nf5 {[%clk 00:06:54]} {[%emt 00:00:52]} 27. Bd2 {[%clk 00:05:46]}
{[%emt 00:00:58]} Qxa4 {[%clk 00:05:24]} {[%emt 00:02:01]} 28. Rc3 {[%clk
00:06:01]} {[%emt 00:00:15]} Rxc4 {[%clk 00:03:31]} {[%emt 00:02:23]} 29. Rh3
{[%clk 00:06:02]} {[%emt 00:00:28]} Nfh4 {[%clk 00:01:58]} {[%emt 00:02:02]} 30.
Rxh4 {[%clk 00:03:13]} {[%emt 00:03:19]} Nxh4 {[%clk 00:00:39]} {[%emt
00:01:49]} 31. Qxh4 {[%clk 00:01:38]} {[%emt 00:02:05]} Rd4 {[%clk 00:00:35]}
{[%emt 00:00:34]} 32. Bg5 {[%clk 00:00:50]} {[%emt 00:01:18]} Rc8 {[%clk
00:00:36]} {[%emt 00:00:29]} 33. Kh2 {[%clk 00:00:33]} {[%emt 00:00:47]} Qa5
{[%clk 00:00:31]} {[%emt 00:00:35]} 34. Bf6 {[%clk 00:00:32]} {[%emt 00:00:31]}
Qxe1 {[%clk 00:00:35]} {[%emt 00:00:26]} 35. Qg5 {[%clk 00:00:44]} {[%emt
00:00:18]} Kf8 {[%clk 00:00:52]} {[%emt 00:00:13]} 36. Bxg7+ {[%clk 00:00:37]}
{[%emt 00:00:37]} Ke8 {[%clk 00:01:18]} {[%emt 00:00:05]} 37. Nf6+ {[%clk
00:01:00]} {[%emt 00:00:06]} Kd8 {[%clk 00:01:01]} {[%emt 00:00:47]} 38. Nd5+
{[%clk 00:00:41]} {[%emt 00:00:49]} Kd7 {[%clk 00:01:27]} {[%emt 00:00:04]} 39.
Qe7+ {[%clk 00:00:44]} {[%emt 00:00:27]} Kc6 {[%clk 00:01:56]} {[%emt
00:00:01]} 40. Qd6+ {[%clk 00:00:39]} {[%emt 00:00:34]} Kb5 {[%clk 00:02:20]}
{[%emt 00:00:06]} 41. Qd7+ {[%clk 00:00:34]} {[%emt 00:00:35]} Ka6 {[%clk
00:24:33]} {[%emt 00:08:17]} 42. Qd6+ {[%clk 00:26:48]} {[%emt 00:04:15]} b6
{[%clk 00:18:51]} {[%emt 00:06:13]} 43. Qa3+ {[%clk 00:19:57]} {[%emt
00:07:21]} Qa5 {[%clk 00:17:57]} {[%emt 00:01:22]} 0-1